| 000 | 00512nmm a2200169Ia 4500 | ||
|---|---|---|---|
| 008 | 251105s9999||||xx |||||||||||||||||und|| | ||
| 020 | _a8497425227 | ||
| 041 | _aspa | ||
| 100 | _aAbul-Hasan Al-As | ||
| 245 | 0 | _aContra heterodoxos (Al-lumâ) o lo que deben creer los musulmanes | |
| 264 |
_a[Madrid, España] : _bBiblioteca Nueva, _c2006 |
||
| 300 | _a254 páginas | ||
| 490 | _aClásicos del pensamiento | ||
| 650 | _aReligion(s) | ||
| 856 | _uhttps://public.digitaliapublishing.com/a/5299 | ||
| 942 | _cCF | ||
| 999 |
_c74217 _d74217 |
||